| 000 | 00829nam a22002175i 4500 | ||
|---|---|---|---|
| 001 | 163357 | ||
| 003 | ES-MaACL | ||
| 005 | 20230906212726.0 | ||
| 008 | 001121s1891 sp |||| | spa d | ||
| 040 |
_aCCPB | B _bspa _cCCPB | B |
||
| 100 | 1 |
_aRetana, W. E. _9143306 |
|
| 245 | 1 | 0 |
_aFrailes y clérigos / _cpor Wenceslao E. Retana. |
| 250 | _a2ª ed. corr. y aum. | ||
| 260 |
_aMadrid : _blibrería de Fernando Fé, _c1891 ( _fM. Minuesa de los Ríos) |
||
| 300 |
_a142 p. ; _c16 cm. |
||
| 490 | 1 |
_aFolletos filipinos ; _v1 |
|
| 650 | 4 |
_aÓrdenes y congregaciones religiosas- _zFilipinas. _915749 |
|
| 830 | 0 |
_aFolletos filipinos ; _v1 _9188430 |
|
| 852 |
_aES-MaACL _jT-603-F-1 _z-- Enc. hol., conservando la enc. original _z-- Ded. del autor al Ateneo de Madrid _z-- Enc. en un vol. facticio |
||
| 999 |
_c163357 _d163357 |
||